Vplyv štrukturálnych zmien ekonomiky na štruktúru vzdelávaných na Slovensku po roku 1989
Vplyv štrukturálnych zmien v ekonomike na štruktúru vzdelávaných na Slovensku. Horizontálna štruktúra pracovníkov v národnom hospodárstve. Vertikálna štruktúra zamestnaných v národnom hospodárstve. Štrukturálne zmeny vzdelávaných v jednotlivých odboroch na stredných a vysokých školách. Komparácia v...
Uložené v:
| Hlavný autor: | |
|---|---|
| Ďalší autori: | |
| Médium: | Kapitola |
| Jazyk: | Slovak |
| Predmet: | |
| Tagy: |
Žiadne tagy, Buďte prvý, kto otaguje tento záznam!
|
MARC
| LEADER | 00000naa$a2200000$$$4500 | ||
|---|---|---|---|
| 001 | 0005091 | ||
| 005 | 20231003112941.7 | ||
| 041 | 0 | |a slo | |
| 044 | |a SK | ||
| 245 | 1 | 0 | |a Vplyv štrukturálnych zmien ekonomiky na štruktúru vzdelávaných na Slovensku po roku 1989 |c Štefan Hronec, Beáta Meričková |
| 520 | |a Vplyv štrukturálnych zmien v ekonomike na štruktúru vzdelávaných na Slovensku. Horizontálna štruktúra pracovníkov v národnom hospodárstve. Vertikálna štruktúra zamestnaných v národnom hospodárstve. Štrukturálne zmeny vzdelávaných v jednotlivých odboroch na stredných a vysokých školách. Komparácia vývoja počtov zamestnancov v jednotlivých pracovných skupinách s počtom absolventov jednotlivých druhov škôl. Vzdelávacia sústava ešte stále dostatočne flexibilne nereaguje na zmeny v ekonomike. | ||
| 610 | 2 | 0 | |a hospodárstvo národné |
| 610 | 2 | 0 | |a zmeny štruktúrne |
| 610 | 2 | 0 | |a vzdelávanie |
| 610 | 2 | 0 | |a pracovníci |
| 610 | 2 | 0 | |a školy stredné |
| 610 | 2 | 0 | |a školy vysoké |
| 610 | 2 | 0 | |a absolventi |
| 610 | 2 | 0 | |a Slovensko |
| 100 | 1 | |a Hronec, Štefan | |
| 700 | 1 | |a Meričková, Beáta | |